header

Thermally and optically stimulated luminescence (Record no. 223507)

MARC details
000 -LEADER
fixed length control field 01333nam a2200349Ia 4500
082 04 - DEWEY DECIMAL CLASSIFICATION NUMBER
Classification number 612/.014480287
100 1# - MAIN ENTRY--AUTHOR NAME
Personal name Chen, R.
245 10 - TITLE STATEMENT
Title Thermally and optically stimulated luminescence
260 ## - PUBLICATION, DISTRIBUTION, ETC. (IMPRINT)
Place of publication Chichester :
Name of publisher Wiley,
Year of publication 2011.
300 ## - PHYSICAL DESCRIPTION
Number of Pages xii, 419 p. :
Other physical details ill.
650 #0 - SUBJECT ADDED ENTRY--TOPICAL TERM
Topical Term Thermoluminescence.
Topical Term Thermoluminescence dosimetry.
Topical Term Optically stimulated luminescence dating.
700 1# - ADDED ENTRY--PERSONAL NAME
Personal name Pagonis, Vasilis.
856 40 - ELECTRONIC LOCATION AND ACCESS
Uniform Resource Identifier http://site.ebrary.com/lib/rucke/Doc?id=10510489

No items available.

© 2026 Rongo University
Contact us: librarian | system librarian | Rongo university